Normal view
MARC view
Entry Topical Term
001 - CONTROL NUMBER
- control field: 4689
003 - CONTROL NUMBER IDENTIFIER
- control field: BD-RjUL
005 - DATE AND TIME OF LATEST TRANSACTION
- control field: 20220908094222.0
008 - FIXED-LENGTH DATA ELEMENTS
- fixed length control field: 220908|| aca||aabn | a|a d
040 ## - CATALOGING SOURCE
- Original cataloging agency: BD-RjUL
- Transcribing agency: BD-RjUL
150 ## - HEADING--TOPICAL TERM
- Topical term or geographic name entry element: Hadith scholars
- Form subdivision: Bio-bibliography
670 ## - SOURCE DATA FOUND
- Source citation: Work cat.: (BD-RjUL)80317: دهلوي، عبد العزيز بن احمد, # # Dihlawī, ʻAbd al-ʻAzīz ibn Aḥmad, 1746 or 1747-1823 or 1824. 4686, بستان المحدثين # # Bustān al-muḥaddis̲īn./, [1884]